| 000 | 00706nam a2200181Ia 4500 | ||
|---|---|---|---|
| 008 | 090630s9999 xx 000 0 und d | ||
| 082 | _b16976 | ||
| 100 | _aदेशपांडे शोभा व. | ||
| 245 |
_aएकतारी गाते भक्तीभाव गीते. _cदेशपांडे शोभा व. |
||
| 260 | _b--- | ||
| 300 | _a0 | ||
| 600 | _aदेशपांडे शोभा व. | ||
| 630 | _aएकतारी गाते भक्तीभाव गीते. | ||
| 655 | _aकाव्य. | ||
| 700 | _aदेशपांडे शोभा व. | ||
| 730 | _aएकतारी गाते भक्तीभाव गीते. | ||
| 942 | _cBOOK | ||
| 999 |
_c268832 _d268832 |
||